000
00305nam a2200109Ia 4500
008
171211s9999 xx 000 0 und d
245
2
_a
A Game of Queens: Judit Polgar Teaches Chess 3
245
_c
Judit Polgar
260
_c
2014
650
_x
GAMES
856
_u
http://down.ebook777.com/057/1907982523.pdf
999
_c
348889
_d
348889